| 000 | 01850cam a2200301Ii 4500 | ||
|---|---|---|---|
| 001 | seventhgalaxyrea00gala | ||
| 003 | CaSfIA | ||
| 005 | 20210119081623.0 | ||
| 007 | cr|||| | ||
| 008 | 771212s1964 nyu 000 1 eng d | ||
| 040 |
_aCOV _cCOV _dOCLCQ _dSYB _dOCLCQ _dCaSfIA |
||
| 019 | _a4403674 | ||
| 035 |
_a(OCoLC)3484290 _z(OCoLC)4403674 |
||
| 050 | 4 |
_aPZ1.G22 _bGal |
|
| 082 | 0 | 4 |
_a813.5/4 _219 |
| 110 | 2 | _aGalaxy magazine. | |
| 245 | 1 | 4 |
_aThe seventh Galaxy reader / _h[electronic resource] _cedited by Frederik Pohl. |
| 260 |
_aNew York : _bDoubleday, _c[1964] |
||
| 300 |
_axii, 247 p. ; _c22 cm. |
||
| 505 | 0 | _aIntroduction / Frederik Pohl.--For love / Algis Budrys.--Come into my cellar / Ray Bradbury.--The tail-tied kings / Avram Davidson.--Crime machine / Robert Bloch.--Return engagement / Lester Del Rey.--Earthmen bearing gifts / Frederic Brown.--Rainbird / R.A. Lafferty.--Three portraits and a prayer / Frederik Pohl.--Something bright / Zenna Henderson.--On the gem planet / Cordwainer Smith.--The deep down dragon / Judith Merril.--The king of the city / Keith Laumer.--The beat cluster / Fritz Leiber.--An old fashioned bird Christmas / Margaret St. Clair.--The big pat boom / Damon Knight. | |
| 650 | 0 | _aScience fiction. | |
| 700 | 1 |
_aPohl, Frederik, _eed. |
|
| 856 | 4 | 1 |
_uhttp://www.archive.org/details/seventhgalaxyrea00gala _zFree eBook from the Internet Archive |
| 856 | 4 | 2 |
_uhttp://www.openlibrary.org/books/OL24369853M _zAdditional information and access via Open Library |
| 942 | _cEB | ||
| 506 | _fНеобхідна авторизація на https://archive.org/ (створення облікового запису безкоштовно) | ||
| 506 | _fНеобхідна авторизація на https://openlibrary.org/ (створення облікового запису безкоштовно) | ||
| 999 |
_c547841 _d547841 |
||